El TLC-Centroamérica: cada vez más estéril y peligroso

Guardado en:
Bibliografiske detaljer
Format: Texto
Fag:
Tags: Tilføj Tag
Ingen Tags, Vær først til at tagge denne postø!

MARC

LEADER 00000 a a2200000 04500
001 6703
003
040
245 |a El TLC-Centroamérica:   |b cada vez más estéril y peligroso  
650 |a TLC  
650 |a NEGOCIACIONES COMERCIALES  
650 |a COMPETENCIA DESLEAL  
650 |a SECTOR AGROPECUARIO  
650 |a CONSECUENCIAS ECONOMICAS  
773 |g volumen 24, número 1071; páginas 8-9  
999 |c 38146  |d 38146